Rural geography: processes, responses and experiences in rural restructuring
Kaydedildi:
| Yazar: | |
|---|---|
| Materyal Türü: | Kitap |
| Dil: | İngilizce |
| Baskı/Yayın Bilgisi: |
Londres
SAGE Publications
2005
|
| Edisyon: | 1a. ed |
| Konular: | |
| Etiketler: |
Etiketle
Etiket eklenmemiş, İlk siz ekleyin!
|
MARC
| LEADER | 00000cam a2200000 a 4500 | ||
|---|---|---|---|
| 001 | UCE9762 | ||
| 003 | CL-VaPUC | ||
| 008 | 151106e20050000uk |||||||||||||||||eng|d | ||
| 020 | |a 0761947612 | ||
| 082 | 0 | 4 | |a 307.7 |b WOO |2 21 |
| 100 | 0 | |a Woods, Michael |e author |9 582679 | |
| 245 | 1 | 0 | |a Rural geography: processes, responses and experiences in rural restructuring |
| 250 | |a 1a. ed | ||
| 300 | |a 330 p | ||
| 942 | |c BK | ||
| 945 | |d 20151106 14:16:00 |a dcastane | ||
| 260 | |a Londres |b SAGE Publications |c 2005 | ||
| 650 | 7 | |a GEOGRAFIA RURAL |2 CL-VaPUC |9 267390 | |
| 650 | 7 | |a DESARROLLO RURAL |2 CL-VaPUC |9 582680 | |
| 583 | |a last modification |c 20151106 14:16:00 |k Rodrigo Vera | ||
| 999 | |c 361407 |d 361405 | ||
| 952 | |0 0 |1 0 |3 erd |4 0 |6 307_700000000000000_WOO_2005 |7 0 |8 A |9 471861 |a BIBING |b BIBING |i 5247314 |l 1 |o 307.7 WOO 2005 |p 5247314 |r 2025-01-20 |s 2022-03-10 |w 2019-11-24 |y BK |z Catalogado en:20151106 |k GEO | ||